LIBRARY & INFORMATION CENTRE, KCAET, TAVANUR

ONLINE PUBLIC ACCESS CATALOGUE (OPAC)

Mechanics of machines: Elementary theory and examples / (Record no. 6721)

MARC details
000 -LEADER
fixed length control field 00479cam a2200181ua 4500
020 ## - INTERNATIONAL STANDARD BOOK NUMBER
ISBN 0-7131-3471-2
041 ## - LANGUAGE CODE
Language code of text/sound track or separate title eng
082 ## - DEWEY DECIMAL CLASSIFICATION NUMBER
Classification number 621.8
Item number HAN/ME
100 ## - MAIN ENTRY--AUTHOR NAME
Personal name Hannah, J .
245 ## - TITLE STATEMENT
Title Mechanics of machines: Elementary theory and examples /
250 ## - EDITION STATEMENT
Edition statement 4 /
260 ## - PUBLICATION, DISTRIBUTION, ETC. (IMPRINT)
Place of publication London :
Name of publisher Edward Arnold Publications Ltd ,
Year of publication 1984.
300 ## - PHYSICAL DESCRIPTION
Number of Pages 298 ; .
700 1# - ADDED ENTRY--PERSONAL NAME
Personal name Stephens, R C .
942 ## - ADDED ENTRY ELEMENTS (KOHA)
Koha item type Books
Holdings
Withdrawn status Lost status Damaged status Home library Current library Date acquired Full call number Accession Number Koha item type
      KAUAET KAUAET 10/09/1986 621.8 HAN/ME 15753 Books
free website counter